Obce ve Středočeském kraji - Statistics

General Stats
  • This quiz has been taken 61 times
  • The average score is 143 of 1144
Answer Stats
Obec Počet obyvatel % Correct
Beroun 19 988
92%
Kladno 68 896
92%
Kolín 32 490
92%
Mladá Boleslav 44 506
92%
Poděbrady 14 469
88%
Benešov 16 804
84%
Dobříš 8 828
84%
Mělník 19 579
84%
Příbram 32 248
84%
Říčany 16 167
84%
Černošice 7 382
80%
Český Brod 7 066
80%
Kutná Hora 20 828
80%
Nymburk 15 106
80%
Neratovice 16 138
76%
Rakovník 15 652
76%
Benátky nad Jizerou 7 575
72%
Buš 345
72%
Lysá nad Labem 9 825
72%
Slaný 16 010
72%
Vlašim 11 496
72%
Brandýs nad Labem-Stará Boleslav 19 420
68%
Čáslav 10 350
68%
Hořovice 6 939
68%
Karlštejn 865
68%
Kralupy nad Vltavou 18 485
68%
Králův Dvůr 9 940
68%
Mnichovo Hradiště 8 858
68%
Roztoky 1 084 | 8 783
68%
Rudná 5 157
68%
Úvaly 7 023
68%
Čelákovice 12 293
64%
Milovice 12 249
64%
Mníšek pod Brdy 6 085
64%
Nové Strašecí 5 602
64%
Hostivice 8 917
60%
Jesenice 1 694 | 553 | 9 997
60%
Kostelec nad Černými lesy 3 804
60%
Křivoklát 684
60%
Dobříč 437
56%
Lhota 479 | 660
56%
Mnichovice 214 | 3 950
56%
Pečky 4 811
56%
Sedlčany 6 922
56%
Slapy 866
56%
Unhošť 4 815
56%
Bělá pod Bezdězem 4 754
52%
Dobřichov 772
52%
Dobřichovice 3 739
52%
Jince 2 301
52%
Lhotka 298 | 354
52%
Mšeno 1 447
52%
Nová Ves 1 096 | 1 386
52%
Řitka 1 315
52%
Sázava 3 748
52%
Srbsko 562
52%
Zadní Třebaň 936
52%
Buštěhrad 3 638
48%
Davle 1 760
48%
Jílové u Prahy 4 909
48%
Městec Králové 2 787
48%
Nehvizdy 3 720
48%
Odolena Voda 6 200
48%
Poříčany 1 569
48%
Řevnice 3 616
48%
Sadská 3 221
48%
Sedlec 248 | 426
48%
Štěchovice 2 075
48%
Týnec nad Sázavou 5 699
48%
Velim 2 232
48%
Královice 250
44%
Nižbor 2 117
44%
Starý Kolín 1 650
44%
Veltrusy 2 268
44%
Žebrák 2 212
44%
Bakov nad Jizerou 5 141
40%
Dolní Břežany 4 399
40%
Horoměřice 4 653
40%
Jirny 2 950
40%
Kosmonosy 5 176
40%
Lány 2 291
40%
Ledečko 193
40%
Libušín 3 369
40%
Loděnice 1 970
40%
Mochov 1 418
40%
Nučice 2 288 | 377
40%
Olbramovice 1 312
40%
Petrov 753
40%
Pičín 667
40%
Průhonice 2 902
40%
Velký Osek 2 432
40%
Votice 4 547
40%
Zdice 4 177
40%
Bečváry 1 040
36%
Čerčany 2 902
36%
Čestlice 704
36%
Chlum 124
36%
Hlásná Třebaň 1 134
36%
Kouřim 1 908
36%
Liběchov 1 057
36%
Lužná 1 919
36%
Nelahozeves 2 114
36%
Panenské Břežany 617
36%
Pavlov 204
36%
Rožmitál pod Třemšínem 4 352
36%
Sedlec-Prčice 2 861
36%
Stochov 5 401
36%
Strančice 2 598
36%
Tetín 871
36%
Tuklaty 1 051
36%
Velvary 3 056
36%
Vrané nad Vltavou 2 663
36%
Vráž 1 209
36%
Zdiby 3 874
36%
Zruč nad Sázavou 4 834
36%
Břežany 130
32%
Březnice 3 535
32%
Cerhenice 1 783
32%
Chýně 4 114
32%
Dobrovice 3 455
32%
Hostomice 1 822
32%
Kokořín 378
32%
Kostelec nad Labem 4 224
32%
Kostelní Hlavno 503
32%
Kropáčova Vrutice 943
32%
Krušovice 620
32%
Láz 631
32%
Libež 225
32%
Líbeznice 3 056
32%
Lidice 569
32%
Luštěnice 2 235
32%
Milín 2 191
32%
Němčice 183 | 373
32%
Přerov nad Labem 1 229
32%
Pyšely 2 086
32%
Rataje 161
32%
Stříbrná Skalice 1 448
32%
Trhový Štěpánov 1 416
32%
Tuchlovice 2 689
32%
Uhlířské Janovice 3 119
32%
Úholičky 811
32%
Velké Popovice 3 048
32%
Vinařice 102 | 2 170 | 330
32%
Všetaty 2 329 | 307
32%
Vysoká 925
32%
Zásmuky 2 007
32%
Zlonice 2 258
32%
Brodce 1 066
28%
Byšice 1 383
28%
Bystřice 4 444
28%
Čím 357
28%
Dolní Bousov 2 814
28%
Hradištko 2 250 | 704
28%
Jevany 819
28%
Jinočany 2 048
28%
Kácov 799
28%
Kamenice 4 707
28%
Klecany 3 671
28%
Kostomlaty nad Labem 1 850
28%
Krupá 399 | 451
28%
Měchenice 835
28%
Miličín 826
28%
Mukařov 2 710 | 217
28%
Neveklov 2 676
28%
Nový Knín 2 089
28%
Okoř 108
28%
Ondřejov 1 844
28%
Petrovice 1 347 | 273
28%
Šestajovice 3 988
28%
Točník 243
28%
Újezd 672
28%
Úžice 665 | 946
28%
Vestec 2 822 | 328
28%
Vraňany 926
28%
Zeleneč 3 182
28%
Březno 1 051
24%
Chyňava 1 841
24%
Čistá 828 | 903
24%
Felbabka 290
24%
Horky 382
24%
Hrusice 869
24%
Jeneč 1 293
24%
Kamýk nad Vltavou 951
24%
Kly 1 563
24%
Libice nad Cidlinou 1 268
24%
Liblice 493
24%
Louňovice 1 163
24%
Mirošovice 1 445
24%
Nupaky 1 905
24%
Střezimíř 325
24%
Všechlapy 102 | 799
24%
Všenory 1 710
24%
Želízy 506
24%
Babice 1 318
20%
Brandýsek 2 063
20%
Březí 608
20%
Březová 325
20%
Cerhovice 1 159
20%
Červené Pečky 1 873
20%
Dobrovíz 562
20%
Doksy 1 708
20%
Dolany 302
20%
Hořesedly 425
20%
Hořovičky 466
20%
Husinec 1 536
20%
Hýskov 2 022
20%
Janov 140
20%
Jíloviště 693
20%
Kamenné Zboží 542
20%
Karlík 559
20%
Klíčany 551
20%
Klobuky 1 028
20%
Klučov 1 063
20%
Kněževes 1 046 | 626
20%
Kolešov 148
20%
Kolešovice 808
20%
Libčice nad Vltavou 3 476
20%
Libeř 1 523
20%
Liteň 1 229
20%
Měšice 1 999
20%
Mořina 838
20%
Ořech 974
20%
Pavlovice 253
20%
Radonice 1 049
20%
Rataje nad Sázavou 526
20%
Řepov 734
20%
Řevničov 1 347
20%
Rostoklaty 556
20%
Rožďalovice 1 644
20%
Senohraby 1 246
20%
Skryje 159
20%
Stará Huť 1 521
20%
Starý Vestec 184
20%
Svatý Jan 669
20%
Tuchoměřice 1 586
20%
Týnec nad Labem 2 095
20%
Veleň 1 719
20%
Velké Přílepy 3 556
20%
Vrdy 2 977
20%
Všestary 920
20%
Zbečno 570
20%
Žďár 1 435 | 116
20%
Borek 319
16%
Brázdim 685
16%
Čachovice 900
16%
Český Šternberk 175
16%
Chleby 46 | 446
16%
Chrást 212 | 536
16%
Chrášťany 1 002 | 229 | 660 | 707
16%
Církvice 1 328 | 157
16%
Čisovice 1 098
16%
Čtyřkoly 719
16%
Dřevčice 796
16%
Holubice 2 089
16%
Horoušany 1 554
16%
Hovorčovice 2 555
16%
Hřebeč 2 092
16%
Hudlice 1 238
16%
Kačice 1 248
16%
Košátky 226
16%
Kosova Hora 1 357
16%
Lázně Toušeň 1 423
16%
Lipník 366
16%
Lochovice 1 328
16%
Loučeň 1 375
16%
Louňovice pod Blaníkem 675
16%
Mečeříž 539
16%
Městečko 450
16%
Mezno 368
16%
Modletice 585
16%
Mrač 849
16%
Nový Jáchymov 715
16%
Obříství 1 570
16%
Osek 817
16%
Ostrá 577
16%
Plaňany 1 904
16%
Plazy 516
16%
Podolanka 580
16%
Přezletice 1 948
16%
Psáry 4 154
16%
Račice 156
16%
Škvorec 2 006
16%
Smečno 1 950
16%
Suchdol 1 107
16%
Sudovo Hlavno 507
16%
Sulice 2 225
16%
Tatce 653
16%
Tehov 1 051 | 348
16%
Tehovec 637
16%
Tišice 2 444
16%
Veliká Ves 389
16%
Velké Přítočno 1 038
16%
Veltruby 1 429
16%
Větrušice 634
16%
Vodochody 722
16%
Vranov 422
16%
Vranovice 326
16%
Všejany 695
16%
Zápy 920
16%
Zbuzany 1 416
16%
Žehušice 825
16%
Zlatníky-Hodkovice 1 345
16%
Žleby 1 361
16%
Zvole 1 932
16%
Bezno 959
12%
Bojanovice 491
12%
Bořanovice 934
12%
Bratčice 385
12%
Břežany I 318
12%
Břežany II 894
12%
Březová-Oleško 1 296
12%
Bříství 385
12%
Čakov 129
12%
Chocerady 1 265
12%
Chodouň 702
12%
Chotětov 1 356
12%
Chýnice 421
12%
Dobřejovice 1 239
12%
Dolany nad Vltavou 935
12%
Doubek 497
12%
Dřísy 1 047
12%
Hrdlořezy 722
12%
Jankov 914
12%
Jenštejn 1 405
12%
Ješetice 128
12%
Kamenný Most 419
12%
Káraný 782
12%
Karlova Ves 136
12%
Katusice 843
12%
Kladruby 267
12%
Kněžmost 2 183
12%
Koleč 568
12%
Kolomuty 421
12%
Kondrac 522
12%
Koněprusy 249
12%
Košice 58
12%
Kosoř 890
12%
Kostomlátky 317
12%
Krchleby 405 | 741
12%
Křečkov 430
12%
Krhanice 1 059
12%
Krnsko 572
12%
Kytín 544
12%
Lety 1 579
12%
Libiš 2 283
12%
Líšnice 802
12%
Lštění 425
12%
Lužec nad Vltavou 1 430
12%
Malé Přítočno 255
12%
Mcely 408
12%
Mšec 908
12%
Neumětely 596
12%
Nová Ves pod Pleší 1 392
12%
Nové Dvory 266 | 876
12%
Nový Vestec 464
12%
Olešná 438 | 600
12%
Olovnice 555
12%
Oráčov 377
12%
Otročiněves 519
12%
Ovčáry 514 | 882
12%
Podlesí 1 110
12%
Poříčí nad Sázavou 1 410
12%
Rabyně 269
12%
Rynholec 1 020
12%
Sibřina 932
12%
Slabce 733
12%
Smilovice 78 | 726
12%
Statenice 1 603
12%
Středokluky 1 231
12%
Struhařov 927 | 928
12%
Svatá 513
12%
Tursko 848
12%
Únětice 812
12%
Velenka 339
12%
Velká Buková 280
12%
Vidim 122
12%
Višňová 663
12%
Vlkava 420
12%
Xaverov 55
12%
Záboří nad Labem 843
12%
Zákolany 575
12%
Ždánice 351
12%
Zdětín 615
12%
Židněves 374
12%
Žilina 859
12%
Žiželice 1 803
12%
Zlonín 956
12%
Bašť 2 891
8%
Běrunice 854
8%
Braškov 1 098
8%
Bratřínov 198
8%
Březina 418
8%
Bukovany 88 | 760
8%
Bzová 455
8%
Čakovičky 740
8%
Čečelice 686
8%
Černíky 159
8%
Černuc 942
8%
Červený Újezd 1 474 | 349
8%
Chvatěruby 532
8%
Číčovice 308
8%
Daleké Dušníky 418
8%
Dobřeň 182
8%
Dolní Kralovice 890
8%
Dolní Zimoř 94
8%
Doubravčice 961
8%
Drahelčice 1 229
8%
Dřetovice 470
8%
Dubno 332
8%
Heřmaničky 717
8%
Hlavenec 508
8%
Hlízov 625
8%
Hluboš 629
8%
Hořátev 821
8%
Hořín 859
8%
Horky nad Jizerou 598
8%
Horušice 178
8%
Hostouň 1 400
8%
Hrubý Jeseník 585
8%
Hrušov 229
8%
Hvězdonice 336
8%
Hvozd 170
8%
Kamenné Žehrovice 1 727
8%
Kamenný Přívoz 1 458
8%
Kbel 213
8%
Klášter Hradiště nad Jizerou 1 001
8%
Knovíz 571
8%
Kochánky 458
8%
Kojetice 831
8%
Konětopy 318
8%
Konojedy 280
8%
Kořenice 630
8%
Korkyně 131
8%
Kosořice 517
8%
Kounice 1 546
8%
Kozojedy 102 | 933
8%
Kozomín 446
8%
Krakov 144
8%
Krakovec 80
8%
Krásná Hora nad Vltavou 1 105
8%
Křečovice 820
8%
Křenice 909
8%
Křinec 1 306
8%
Krňany 467
8%
Lešany 813
8%
Lhota u Příbramě 483
8%
Lichoceves 388
8%
Loucká 145
8%
Makotřasy 493
8%
Malá Hraštice 1 054
8%
Malé Kyšice 526
8%
Malešov 1 023
8%
Malý Újezd 1 116
8%
Maršovice 755
8%
Máslovice 381
8%
Mělnické Vtelno 1 015
8%
Miskovice 1 111
8%
Mokrovraty 785
8%
Mořinka 178
8%
Nebovidy 723
8%
Nebužely 434
8%
Nepřevázka 416
8%
Nová Ves I 1 326
8%
Nový Dům 175
8%
Nový Dvůr 70
8%
Obecnice 1 271
8%
Ostředek 403
8%
Ostrov 57 | 145
8%
Otvovice 819
8%
Písková Lhota 1 013 | 489
8%
Podlešín 330
8%
Popovice 278
8%
Předboj 1 208
8%
Přišimasy 830
8%
Ptice 935
8%
Radovesnice I 382
8%
Radovesnice II 499
8%
Řisuty 362
8%
Ruda 749
8%
Samopše 173
8%
Semčice 776
8%
Skalsko 396
8%
Sluštice 643
8%
Soutice 242
8%
Stará Lysá 806
8%
Stašov 462
8%
Stránka 204
8%
Suchomasty 490
8%
Sudoměř 98
8%
Svatý Jan pod Skalou 187
8%
Světice 1 274
8%
Tismice 536
8%
Tochovice 647
8%
Tomice 135
8%
Tři Dvory 998
8%
Tuřice 406
8%
Uhy 383
8%
Újezdec 148
8%
Vlastějovice 469
8%
Vojkov 467
8%
Voznice 683
8%
Vrátkov 273
8%
Vrchotovy Janovice 1 011
8%
Vysoká u Příbramě 352
8%
Vysoký Chlumec 826
8%
Zájezd 122
8%
Zavidov 331
8%
Zbraslavice 1 412
8%
Žehuň 454
8%
Železná 262
8%
Zlatá 364
8%
Zvoleněves 883
8%
Bítouchov 394
4%
Bohdaneč 431
4%
Borovnice 83
4%
Boseň 511
4%
Bradlec 1 352
4%
Bratkovice 321
4%
Bratronice 936
4%
Broumy 976
4%
Bubovice 575
4%
Buková u Příbramě 409
4%
Bukovno 756
4%
Bykoš 235
4%
Čechtice 1 384
4%
Černé Voděrady 349
4%
Charvatce 331
4%
Chlumín 476
4%
Chocnějovice 434
4%
Choťánky 446
4%
Chotěšice 335
4%
Chotutice 487
4%
Chroustov 212
4%
Chudíř 212
4%
Cítov 1 269
4%
Cvrčovice 759
4%
Dalovice 265
4%
Divišov 1 762
4%
Dlouhopolsko 226
4%
Dolní Beřkovice 1 503
4%
Dolní Slivno 344
4%
Doubravička 158
4%
Drásov 433
4%
Družec 1 078
4%
Dubenec 372
4%
Dymokury 887
4%
Grunta 82
4%
Háje 530
4%
Herink 952
4%
Hlubyně 149
4%
Hořešovice 259
4%
Horní Kruty 516
4%
Horní Slivno 327
4%
Hospozín 544
4%
Hostín 323
4%
Hradčany 273
4%
Hradešín 538
4%
Hradiště 28
4%
Hulice 287
4%
Hvožďany 792
4%
Jabkenice 451
4%
Jablonná 406
4%
Javorník 128
4%
Jedomělice 427
4%
Jivina 197 | 474
4%
Jizerní Vtelno 341
4%
Josefův Důl 435
4%
Kadlín 147
4%
Klášterní Skalice 128
4%
Kluky 75 | 523
4%
Kněžice 519
4%
Kněžičky 176
4%
Komárov 2 418
4%
Konárovice 984
4%
Korno 125
4%
Kostelec u Křížků 729
4%
Kouty 330
4%
Kozmice 347
4%
Křenek 284
4%
Kublov 673
4%
Kunice 1 717
4%
Kuňovice 92
4%
Kyšice 627
4%
Lašovice 115
4%
Ledce 384 | 469
4%
Libochovičky 70
4%
Libomyšl 593
4%
Loket 575
4%
Loukov 186
4%
Lubná 1 019
4%
Masojedy 100
4%
Medonosy 144
4%
Milčice 313
4%
Milešov 322
4%
Milý 192
4%
Močovice 413
4%
Mohelnice nad Jizerou 91
4%
Mšecké Žehrovice 688
4%
Načeradec 1 070
4%
Nenačovice 278
4%
Nespeky 769
4%
Nesuchyně 425
4%
Netřebice 236
4%
Netvořice 1 169
4%
Neuměřice 447
4%
Nezabudice 92
4%
Nosálov 184
4%
Ohrobec 1 433
4%
Okrouhlo 727
4%
Oleška 972
4%
Oseček 170
4%
Osov 323
4%
Páleč 219
4%
Pátek 742
4%
Pavlíkov 1 051
4%
Pečice 376
4%
Pěčice 203
4%
Petkovy 320
4%
Petrovice I 293
4%
Petrovice II 147
4%
Pletený Újezd 621
4%
Pňov-Předhradí 592
4%
Polepy 636
4%
Postřižín 1 602
4%
Postupice 1 387
4%
Praskolesy 909
4%
Předměřice nad Jizerou 947
4%
Příčina 207
4%
Přistoupim 450
4%
Pustověty 136
4%
Radim 1 240
4%
Ratboř 573
4%
Řehenice 452
4%
Řepín 694
4%
Roblín 232
4%
Šanov 564
4%
Sány 559
4%
Sedlice 269
4%
Semice 1 340
4%
Senec 260
4%
Senomaty 1 272
4%
Sezemice 132
4%
Skorkov 647
4%
Skuhrov 551
4%
Sluhy 704
4%
Snět 107
4%
Soběhrdy 426
4%
Sojovice 569
4%
Sokoleč 1 063
4%
Spomyšl 541
4%
Srbeč 310
4%
Stehelčeves 1 062
4%
Štětkovice 345
4%
Štíhlice 209
4%
Štipoklasy 148
4%
Stradonice 134
4%
Stratov 654
4%
Svatý Mikuláš 879
4%
Svémyslice 526
4%
Švihov 54
4%
Svojetice 1 160
4%
Svrkyně 301
4%
Sýkořice 556
4%
Tachlovice 878
4%
Teplýšovice 526
4%
Tmaň 1 247
4%
Třebešice 99 | 288
4%
Třebestovice 1 027
4%
Třebětín 119
4%
Třebíz 231
4%
Třebsko 282
4%
Třebusice 501
4%
Tuchoraz 581
4%
Tuhaň 792
4%
Tupadly 138 | 672
4%
Úhonice 1 139
4%
Václavice 617
4%
Vavřinec 565
4%
Velká Dobrá 1 832
4%
Velká Lečice 181
4%
Velký Borek 1 140
4%
Veselice 128
4%
Vlkov pod Oškobrhem 91
4%
Vojkovice 869
4%
Volárna 514
4%
Vraný 767
4%
Vrbčany 406
4%
Vrbice 182
4%
Všesulov 138
4%
Vykáň 393
4%
Vyšehořovice 665
4%
Vysoký Újezd 1 216 | 194
4%
Vyžlovka 757
4%
Žabonosy 242
4%
Zaječov 1 439
4%
Zalešany 114
4%
Zálezlice 410
4%
Záryby 1 031
4%
Zbýšov 622
4%
Zdislavice 523
4%
Zlosyň 485
4%
Županovice 73
4%
Zvánovice 572
4%
Adamov 132
0%
Barchovice 249
0%
Bavoryně 367
0%
Bdín 71
0%
Běleč 307
0%
Běloky 189
0%
Bělušice 320
0%
Bernardov 188
0%
Bernartice 229
0%
Beřovice 384
0%
Běštín 326
0%
Bezděkov pod Třemšínem 141
0%
Bílá Hlína 115
0%
Bílé Podolí 608
0%
Bílichov 192
0%
Bílkovice 217
0%
Blažejovice 103
0%
Blevice 291
0%
Bludov 25
0%
Bobnice 875
0%
Bohostice 196
0%
Bohutín 1 835
0%
Boreč 264
0%
Borotice 403
0%
Brambory 117
0%
Branov 200
0%
Branžež 238
0%
Březovice 340
0%
Budiměřice 653
0%
Býchory 635
0%
Býkev 480
0%
Čejkovice 29
0%
Čenkov 380
0%
Černíny 376
0%
Černolice 516
0%
Červené Janovice 660
0%
Čestín 430
0%
Cetyně 160
0%
Chabeřice 264
0%
Chaloupky 500
0%
Chářovice 217
0%
Chlístov 401
0%
Chlístovice 736
0%
Chlustina 247
0%
Chmelná 148
0%
Choratice 70
0%
Chorušice 562
0%
Choteč 377
0%
Chotilsko 540
0%
Choťovice 199
0%
Chotusice 755
0%
Chotýšany 596
0%
Chraštice 257
0%
Chrustenice 1 003
0%
Chržín 285
0%
Čilec 233
0%
Činěves 504
0%
Ctiboř 152
0%
Ctiměřice 143
0%
Děkanovice 60
0%
Děkov 220
0%
Dlouhá Lhota 431 | 457
0%
Dobročovice 329
0%
Dobrovítov 110
0%
Dobšice 247
0%
Dobšín 281
0%
Dolní Chvatliny 487
0%
Dolní Hbity 902
0%
Dolní Krupá 250
0%
Dolní Pohleď 99
0%
Dolní Stakory 318
0%
Dománovice 109
0%
Domousnice 271
0%
Drahenice 160
0%
Drahlín 563
0%
Drahňovice 107
0%
Drahobudice 255
0%
Drahouš 81
0%
Drevníky 341
0%
Drhovy 265
0%
Dřínov 344 | 482
0%
Drnek 176
0%
Drobovice 402
0%
Drozdov 780
0%
Dublovice 1 092
0%
Dunice 68
0%
Dvory 570
0%
Hobšovice 351
0%
Hořany 166
0%
Horčápsko 87
0%
Hořešovičky 138
0%
Horka I 388
0%
Horka II 382
0%
Horní Bezděkov 708
0%
Horní Bukovina 240
0%
Horní Počaply 1 258
0%
Hostín u Vojkovic 328
0%
Hostovlice 253
0%
Hraběšín 102
0%
Hracholusky 77
0%
Hradečno 483
0%
Hrdlív 505
0%
Hřebečníky 246
0%
Hředle 390 | 603
0%
Hřiměždice 398
0%
Hudčice 253
0%
Husí Lhota 158
0%
Hvozdec 254
0%
Hvozdnice 540
0%
Jarpice 287
0%
Jemníky 277
0%
Jestřabí Lhota 534
0%
Jeviněves 247
0%
Jíkev 341
0%
Jiřice 281
0%
Jizbice 375
0%
Kaliště 341
0%
Kalivody 104
0%
Kamberk 143
0%
Kanina 88
0%
Keblov 184
0%
Klínec 761
0%
Klokočná 281
0%
Klučenice 469
0%
Kmetiněves 292
0%
Kňovice 335
0%
Kobylnice 150 | 200
0%
Kolaje 91
0%
Koryta 92
0%
Košík 364
0%
Kostelní Lhota 862
0%
Kotenčice 198
0%
Kotopeky 306
0%
Kounov 570
0%
Koupě 121
0%
Kováň 145
0%
Kovanec 117
0%
Kovanice 884
0%
Kozárovice 376
0%
Krakovany 885
0%
Krásná Ves 197
0%
Křečhoř 501
0%
Křepenice 186
0%
Křesetice 691
0%
Křešín 138
0%
Křivsoudov 441
0%
Křížkový Újezdec 270
0%
Kroučová 276
0%
Krty 108
0%
Krychnov 104
0%
Kšely 226
0%
Kutrovice 112
0%
Květnice 1 802
0%
Kvílice 84
0%
Lážovice 113
0%
Lazsko 216
0%
Ledčice 664
0%
Lešetice 200
0%
Lhotky 165
0%
Libenice 311
0%
Libodřice 310
0%
Libovice 382
0%
Lipec 194
0%
Lišany 662
0%
Líský 109
0%
Litichovice 70
0%
Lobeč 155
0%
Lošany 315
0%
Loukovec 353
0%
Lužce 123
0%
Malá Víska 105
0%
Malíkovice 369
0%
Malinová 97
0%
Málkov 108
0%
Malotice 359
0%
Měňany 308
0%
Mezouň 569
0%
Milostín 308
0%
Miřetice 201
0%
Modřovice 94
0%
Mratín 1 404
0%
Mrzky 174
0%
Mutějovice 807
0%
Nalžovice 613
0%
Narysov 271
0%
Nechvalice 665
0%
Nečín 763
0%
Nedomice 306
0%
Nedrahovice 458
0%
Nemyslovice 153
0%
Nepoměřice 221
0%
Nepomuk 191
0%
Neprobylice 163
0%
Nestrašovice 61
0%
Nesvačily 175
0%
Neustupov 556
0%
Neveklovice 69
0%
Niměřice 301
0%
Nová Telib 279
0%
Nová Ves u Bakova 307
0%
Občov 192
0%
Obořiště 710
0%
Obory 267
0%
Obrubce 223
0%
Obruby 245
0%
Odřepsy 320
0%
Ohaře 300
0%
Ohrazenice 296
0%
Okřesaneč 186
0%
Okřínek 202
0%
Onomyšl 312
0%
Opatovice I 143
0%
Oplany 107
0%
Opočnice 443
0%
Opolany 885
0%
Osečany 257
0%
Oskořínek 567
0%
Otmíče 181
0%
Ouběnice 247
0%
Paběnice 209
0%
Panoší Újezd 270
0%
Pašinka 347
0%
Pchery 1 957
0%
Pertoltice 157
0%
Pětihosty 238
0%
Pětikozly 72
0%
Petříkov 576
0%
Petroupim 312
0%
Písty 432
0%
Plchov 199
0%
Plužná 256
0%
Počaply 108
0%
Počepice 542
0%
Pochvalov 258
0%
Podbrdy 225
0%
Podluhy 673
0%
Podmoky 199
0%
Podveky 222
0%
Pohoří 379
0%
Polerady 421
0%
Polní Chrčice 182
0%
Polní Voděrady 205
0%
Popovičky 442
0%
Poštovice 225
0%
Potěhy 650
0%
Pozdeň 488
0%
Pravonín 562
0%
Přehvozdí 303
0%
Přelíc 392
0%
Přepeře 119
0%
Přerubenice 76
0%
Přestavlky u Čerčan 399
0%
Příčovy 341
0%
Přílepy 223
0%
Prodašice 93
0%
Prosenická Lhota 503
0%
Prusice 83
0%
Psáře 129
0%
Pšovlky 308
0%
Ptýrov 292
0%
Rabakov 54
0%
Radějovice 492
0%
Radětice 191
0%
Radíč 210
0%
Radošovice 397
0%
Rašovice 392
0%
Ratenice 621
0%
Ratměřice 301
0%
Řendějov 239
0%
Řeřichy 93
0%
Řimovice 234
0%
Řitonice 86
0%
Rohatsko 269
0%
Rohozec 307
0%
Rokytá 319
0%
Rokytovec 157
0%
Rosovice 848
0%
Rpety 488
0%
Rybníky 463
0%
Sádek 226
0%
Sazená 342
0%
Schořov 79
0%
Šebestěnice 86
0%
Seletice 218
0%
Semtěš 270
0%
Senice 200
0%
Šetějovice 61
0%
Šípy 165
0%
Skřipel 123
0%
Skvrňov 215
0%
Šlapanice 182
0%
Slatina 645
0%
Slavošov 149
0%
Sloveč 512
0%
Slověnice 36
0%
Smilkov 267
0%
Smolotely 250
0%
Soběšín 165
0%
Solenice 371
0%
Souňov 147
0%
Sovínky 321
0%
Staňkovice 274
0%
Starkoč 146
0%
Starosedlský Hrádek 133
0%
Straky 523
0%
Stranný 118
0%
Strašnov 302
0%
Strážiště 129
0%
Střemy 436
0%
Strenice 179
0%
Strojetice 133
0%
Studeněves 485
0%
Studený 99
0%
Suchodol 391
0%
Sudějov 83
0%
Sukorady 372
0%
Svárov 605
0%
Svaté Pole 507
0%
Svinaře 838
0%
Svinařov 730
0%
Svojetín 366
0%
Svojšice 111 | 541
0%
Těchařovice 49
0%
Tichonice 207
0%
Tisem 228
0%
Tlustice 1 095
0%
Toušice 358
0%
Třebichovice 599
0%
Třeboc 156
0%
Třebonín 139
0%
Třebotov 1 488
0%
Třebovle 551
0%
Trhové Dušníky 447
0%
Trnová 506
0%
Třtice 493
0%
Trubín 539
0%
Trubská 184
0%
Tuřany 621
0%
Tušovice 110
0%
Uhlířská Lhota 347
0%
Ujkovice 110
0%
Úmonín 514
0%
Úmyslovice 313
0%
Václavy 64
0%
Velenice 195
0%
Veletov 268
0%
Veliš 343
0%
Velká Chmelištná 63
0%
Velké Všelisy 404
0%
Velký Chlumec 409
0%
Věšín 704
0%
Vidice 268
0%
Vinaře 260
0%
Vinec 291
0%
Vitice 1 092
0%
Vižina 276
0%
Vlačice 258
0%
Vlkančice 205
0%
Vlkaneč 622
0%
Vodranty 84
0%
Vodslivy 99
0%
Volenice 377
0%
Vonoklasy 562
0%
Vracovice 396
0%
Vrančice 159
0%
Vrátno 159
0%
Vrbičany 209
0%
Vrbová Lhota 540
0%
Všeradice 456
0%
Všestudy 383
0%
Vševily 142
0%
Výžerky 182
0%
Zahořany 316
0%
Záhornice 416
0%
Žáky 351
0%
Zalužany 321
0%
Záluží 521
0%
Zbenice 132
0%
Zbizuby 478
0%
Zbožíčko 248
0%
Zduchovice 314
0%
Želenice 195
0%
Žerčice 412
0%
Zichovec 196
0%
Žitovlice 184
0%
Žižice 712
0%
Zlončice 586
0%
Zvěřínek 286
0%
Zvěstov 372
0%
No matching quizzes found
Score Distribution
Percent of People with Each Score
Percentile by Number Answered
Your Score History
You have not taken this quiz